An anatomy of a priory church : the archaeology, history and conservation of St Mary's Priory Church, Abergavenny /
Based on documentary evidence, the Priory Church of St Mary's in Abergavenny has been a place of worship since the late 11th century; archaeological evidence though suggests that the site has a much earlier period of use. Over the past 1000 years the church has been radically altered to reflect...
مؤلفون آخرون:
التنسيق: كتاب الكتروني
اللغة: English
منشور في:
Oxford :
Archaeopress Publishing Ltd,
[2015]
الموضوعات:
الوصول للمادة أونلاين: Login to view Source
الوسوم: إضافة وسم
رقم الطلب: DA745.A
| LEADER | 02352nam a2200373 i 4500 | ||
|---|---|---|---|
| 001 | EDZ0001355559 | ||
| 003 | StDuBDS | ||
| 005 | 20230412181538.0 | ||
| 006 | m|||||o||d|||||||| | ||
| 007 | cr ||||||||||| | ||
| 008 | 160314t20152015enka fo 000|0|eng|d | ||
| 020 | |a 9781784911096 (PDF ebook) : |c No price | ||
| 040 | |a StDuBDS |b eng |c StDuBDS |e rda |e pn | ||
| 050 | 4 | |a DA745.A | |
| 082 | 0 | 4 | |a 942.9 |2 23 |
| 245 | 0 | 3 | |a An anatomy of a priory church : |b the archaeology, history and conservation of St Mary's Priory Church, Abergavenny / |c edited by George Nash. |
| 264 | 1 | |a Oxford : |b Archaeopress Publishing Ltd, |c [2015] | |
| 264 | 4 | |c ©2015 | |
| 300 | |a 1 online resource : |b illustrations (black and white, and colour) | ||
| 336 | |a text |2 rdacontent | ||
| 336 | |a still image |2 rdacontent | ||
| 337 | |a computer |2 rdamedia | ||
| 338 | |a online resource |2 rdacarrier | ||
| 520 | 8 | |a Based on documentary evidence, the Priory Church of St Mary's in Abergavenny has been a place of worship since the late 11th century; archaeological evidence though suggests that the site has a much earlier period of use. Over the past 1000 years the church has been radically altered to reflect its wealth, status and sometimes, its decline. During the 18th, 19th and 20th centuries a number of alterations were made that included the complete demolition and rebuild of the nave. This change, along with the Reformation of 1536 and the vandalism of the mid- to late 17th century did not deter the people of Abergavenny from using this most beautiful of spaces. In the recent past, the late Jeremy Winston did much to add his signature onto the priory's fabric making St Mary's a most splendid place of worship. This book traces the archaeology, history and conservation of this most impressive building. | |
| 521 | |a Specialized. | ||
| 588 | |a Description based on online resource; title from home page (viewed on March 15, 2016). | ||
| 610 | 2 | 0 | |a St. Mary's Priory Church (Abergavenny, Wales) |
| 650 | 0 | |a Church buildings |z Wales. | |
| 700 | 1 | |a Nash, George, |e editor. | |
| 776 | 0 | 8 | |i Print version : |z 9781784911089 |
| 856 | 4 | 0 | |3 Archaeopress |u http://library.arce.org:8087/Archaeopress/Products/9781784911089 |
| 942 | |2 lcc |c EBOOK | ||
| 952 | |0 0 |1 0 |4 0 |6 DA0745 A |7 1 |9 46053 |a ARCH |b ARCH |d 2023-04-12 |l 0 |o DA745.A |r 2023-04-12 00:00:00 |w 2023-04-12 |y EBOOK | ||
| 999 | |c 51711 |d 51711 | ||
